000 00622nam a22002417a 4500
003 UA-OsUOA
001 65141
007 ta
008 20091116b un ||||| |||| 00| 0 ukr d
100 _aБоярчук П.
090 _a821.161.2
_bБ86
942 _cBK
040 _aUA-OsUOA
_bukr
_cUA-OsUOA
_dUA-OsUOA
245 _aДорогами болю
300 _a456 с.
955 _a3
041 _aukr
080 _a821.161.2
020 _a966-517-377-4
260 _aЛуцьк
_bНадстир'я
_c2003
650 7 _a82 Література. Літературознавство
_2UDC
999 _c351260
_d351260